000 00576nam a2200217Ia 4500
005 20250508164553.0
008 008 250505s9999 xx 000 0 eng d
037 _aTextual
040 _aFEDL
_beng
_cFEDL
041 _aeng
_2eng
084 _a363.7, SPE
_qFEDL
100 _aSpeth James Gustave
245 0 _aGlobal environmental governance
260 _aDelhi, India
_bPearson
_c2006
300 _a179p.
365 _aINR
_b225
650 _aEnvironment
700 _a Haas Peter M
_9778483
942 _cTEXL
_h363.7, SPE
999 _c1389869
_d1389869